| 000 | 00582nam a2200145Ia 4500 | ||
|---|---|---|---|
| 008 | 191206s9999 xx 000 0 und d | ||
| 020 | _a0800660080 (v. 1) | ||
| 090 | _aBS1545.3.Z5613 | ||
| 245 | 0 | _aEzekiel: a commentary on the Book of the Prophet Ezekiel | |
| 260 | _aFortress Press | ||
| 260 | _bHermeneia--a critical and historical commentary on the Bible | ||
| 260 | _ccc1979-c1983 | ||
| 300 | _a2 v. ; 25 cm. | ||
| 999 |
_c15942 _d15942 |
||